Outcasts of Empire : Japan's Rule on Taiwan's "Savage Border," 1874-1945 /

"Outcasts of Empire probes the limits of modern nation-state sovereignty by positioning colonial Taiwan at the intersection of the declining Qing and ascending Japanese empires. Paul D. Barclay chronicles the lives and times of interpreters, chiefs, and trading-post operators along the far edge...

Full description

Bibliographic Details
Main Author: Barclay, Paul D., 1964- (Author)
Corporate Author: Walter de Gruyter & Co
Format: eBook
Language:English
Published: [Oakland, California] : University of California Press, [2018]
Series:Asia Pacific modern ; 16.
Subjects:
Online Access:Connect to the full text of this electronic book

MARC

Tag First Indicator Second Indicator Subfields
LEADER 00000cam a2200000 a 4500
001 in00005685421
005 20260212195301.2
006 m o d
007 cr |||||||nn|n
008 170627s2018 cauab ob 001 0 eng d
010 |a  2017030926 
040 |a P@U  |b eng  |e pn  |c P@U  |d OCLCO  |d OCLCF  |d OCLCQ  |d COO  |d VT2  |d WYU  |d SFB  |d UKAHL  |d OCLCQ  |d OCLCO  |d OCLCQ  |d JG0  |d OCLCO  |d OCLCL  |d OCLCQ  |d OCLCL  |d AAA 
019 |a 1035795783  |a 1050970731  |a 1129348566  |a 1129355245  |a 1135297361  |a 1175867872  |a 1202536183  |a 1224910625  |a 1235831731  |a 1253416059 
020 |a 9780520968806 
020 |a 0520968808 
020 |z 9780520296213  |q (pbk. ;  |q alk. paper) 
020 |a 0520296214 
020 |a 9780520296213 
024 7 |a 10.1525/luminos.41  |2 doi 
035 |a (OCoLC)1087872220  |z (OCoLC)1035795783  |z (OCoLC)1050970731  |z (OCoLC)1129348566  |z (OCoLC)1129355245  |z (OCoLC)1135297361  |z (OCoLC)1175867872  |z (OCoLC)1202536183  |z (OCoLC)1224910625  |z (OCoLC)1235831731  |z (OCoLC)1253416059 
041 1 |a eng  |h jpn 
043 |a a-ch---  |a a-ja--- 
050 4 |a DS799.42  |b .B37 2018 
072 7 |a HB  |2 bicssc 
072 7 |a HBJF  |2 bicssc 
082 0 4 |a 951.249/04  |2 23 
049 |a TXAM 
100 1 |a Barclay, Paul D.,  |d 1964-  |e author.  |1 https://id.oclc.org/worldcat/entity/E39PCjvYVwY4qGXkvyYHbVKcfq 
245 1 0 |a Outcasts of Empire :  |b Japan's Rule on Taiwan's "Savage Border," 1874-1945 /  |c Paul D. Barclay. 
260 |a [Oakland, California] :  |b University of California Press,  |c [2018] 
300 |a 1 online resource (xvii, 307 pages) :  |b illustrations (some color), maps (some color) 
336 |a text  |b txt  |2 rdacontent 
337 |a computer  |b c  |2 rdamedia 
338 |a online resource  |b cr  |2 rdacarrier 
347 |a text file  |2 rda 
490 1 |a Asia Pacific Modern ;  |v 16 
504 |a Includes bibliographical references and index. 
505 0 |a Introduction : empires and Indigenous peoples, global transformation and the limits of international society -- From wet diplomacy to scorched earth : the Taiwan expedition, the Guardline and the Wushe rebellion -- The long duree and the short circuit : gender, language and territory in the making of Indigenous Taiwan -- Tangled up in red : textiles, trading posts and ethnic bifurcation in Taiwan -- The geobodies within a geobody : the visual economy of race-making and Indigeneity. 
520 |a "Outcasts of Empire probes the limits of modern nation-state sovereignty by positioning colonial Taiwan at the intersection of the declining Qing and ascending Japanese empires. Paul D. Barclay chronicles the lives and times of interpreters, chiefs, and trading-post operators along the far edges of the expanding international system, an area known as Taiwan's "savage border." In addition, he boldly asserts the interpenetration of industrial capitalism and modern ethnic identities. By the 1930s, three decades into Japanese imperial rule, mechanized warfare and bulk commodity production rendered superfluous a whole class of mediators--among them, Kondo "the Barbarian" Katsusaburo, Pan Bunkiet, and Iwan Robao. Even with these unreliable allies safely cast aside, the Japanese empire lacked the resources to integrate Indigenous Taiwan into the rest of the colony. The empire, therefore, created the Indigenous Territory, which exists to this day as a legacy of Japanese imperialism, local initiatives, and the global commoditization of culture"--Provided by publisher. 
588 0 |a Print version record. 
650 0 |a Taiwan aborigines  |x History  |y 20th century. 
651 0 |a Taiwan  |x History  |y 1895-1945. 
651 0 |a Japan  |x Colonies  |x History. 
650 6 |a Autochtones  |z Taiwan  |x Histoire  |y 20e siècle. 
651 6 |a Taiwan  |x Histoire  |y 1895-1945. 
650 7 |a Taiwan aborigines  |2 fast 
651 7 |a Taiwan  |2 fast 
648 7 |a 1895-1999  |2 fast 
653 |a 19th century. 
653 |a allies. 
653 |a border. 
653 |a chiefs. 
653 |a chinese. 
653 |a colonial state. 
653 |a disciplinary apparatus. 
653 |a economic reserves. 
653 |a firepower. 
653 |a global commodification. 
653 |a global transformations. 
653 |a imperialism. 
653 |a indigenous headmen. 
653 |a indigenous territory. 
653 |a international relations. 
653 |a interpreters. 
653 |a japan. 
653 |a japanese regime. 
653 |a mediators. 
653 |a qing regime. 
653 |a state society relations. 
653 |a statesmen. 
653 |a taiwan. 
653 |a trading post operators. 
655 7 |a Electronic books.  |2 local 
655 7 |a History  |2 fast 
710 2 |a Walter de Gruyter & Co. 
758 |i has work:  |a Outcasts of empire (Text)  |1 https://id.oclc.org/worldcat/entity/E39PCFCj3CWWFBfRcFHMtxfVT3  |4 https://id.oclc.org/worldcat/ontology/hasWork 
776 0 8 |i Print version:  |a Barclay, Paul D., 1964-  |t Outcasts of Empire.  |d [Oakland, California] : University of California Press, [2018]  |w (DLC) 2017030926 
830 0 |a Asia Pacific modern ;  |v 16. 
856 4 0 |u https://www.degruyterbrill.com/openurl?genre=book&isbn=9780520968806  |z Connect to the full text of this electronic book  |t 0 
936 |a BATCHLOAD 
955 |a De Gruyter Open Access ebooks 
994 |a 92  |b TXA 
999 f f |i 97c19305-42a7-429d-a14a-422351ca90ad  |s 6a578aae-8041-4f18-97b0-c59bf56a72ad  |t 0 
952 f f |a Texas A&M University  |b College Station  |c Electronic Resources  |s www_evans  |d Available Online  |t 0  |e DS799.42 .B37 2018  |h Library of Congress classification 
998 f f |a DS799.42 .B37 2018  |t 0  |l Available Online